000 00447nam a2200169Ia 4500
003 LK-CoDNM
008 010623t1995 xxu||||| |||| 00| 1 eng d
040 _aLK-CoDNM
_dLK-CoDNM
_eLK-CoDNM
041 _aeng
080 _a641.5
_bSOM
100 _aSomasekaram, Sathanithi
245 _aIntroduction to Jaffna cookery
260 _bArjuna Consulting Company Ltd
_aDehiwala
_c1995
300 _b(xii)163, 23 cm
650 _aCookery
942 _cBK
999 _c116913
_d116913